000
00297nam a22001217a 4500
040
_c
BTJ
082
_a
631
100
_a
សួស ចំណាន
245
_a
Agricultural Machinery; ម៉ាសីុនកសិកម្ម
260
_a
RUA
_b
សួស
_c
2011
300
_a
39p.
942
_c
KB
999
_c
10306
_d
10306